Guess the Buffy the Vampire Slayer song 5 Quiz Stats

 Plays Quiz not verified by Sporcle

Challenge
Share
Tweet
Embed
Score 0/172 Timer 10:00
0 Plays Today
lyric % Correct
I
96.8%
I
96.8%
I
96.8%
I
96.8%
I
96.8%
I
96.8%
I
96.8%
I
96.8%
I
96.8%
I
96.8%
I
96.8%
I
96.8%
I
96.8%
I
96.8%
the
90%
the
90%
the
90%
the
90%
the
90%
the
90%
The
90%
the
90%
the
90%
You
85.4%
you
85.4%
you
85.4%
you
85.4%
you
85.4%
you
85.4%
you
85.4%
you
85.4%
you
85.4%
you
85.4%
you
85.4%
you
85.4%
in
83.7%
in
83.7%
in
83.7%
and
82.8%
and
82.8%
and
82.8%
and
82.8%
and
82.8%
to
80.2%
to
80.2%
your
79.4%
Your
79.4%
your
79.4%
your
79.4%
your
79.4%
be
77.4%
I'm
77.4%
I'm
77.4%
I'm
77.4%
be
77.4%
I'm
77.4%
I'm
77.4%
can
77.1%
lyric % Correct
standing
75.9%
standing
75.9%
standing
75.9%
standing
75.9%
standing
75.9%
standing
75.9%
standing
75.9%
could
75.6%
could
75.6%
could
75.6%
could
75.6%
could
75.6%
could
75.6%
but
75.4%
but
75.4%
but
75.4%
but
75.4%
but
75.4%
but
75.4%
but
75.4%
but
75.4%
just
74.8%
just
74.8%
just
74.8%
that
74.2%
by
74.2%
that
74.2%
by
74.2%
way
74.2%
that
74.2%
way
74.2%
way
74.2%
You're
73.6%
you're
73.6%
know
73.1%
wish
73.1%
Wish
73.1%
Wish
73.1%
know
73.1%
wish
73.1%
Wish
73.1%
Wish
73.1%
for
72.2%
take
71.9%
take
71.9%
side
71.3%
hand
71.3%
stay
71.1%
stay
71.1%
it
70.8%
can't
70.5%
father
70.2%
not
69.6%
will
69.3%
play
69.3%
now
69.3%
now
69.3%
rest
68.8%
lyric % Correct
here
68.2%
here
68.2%
slay
68.2%
here
68.2%
world
67.9%
this
67.6%
at
67.6%
at
67.6%
ready
67%
hide.
66.8%
never
66.8%
demons
66.8%
outside
66.5%
all
66.5%
still
66.5%
all
66.5%
don't
66.2%
let
65.6%
reason
64.8%
when
64.5%
should
64.5%
time
64.2%
has
64.2%
I'd
63.9%
so
63.6%
said
63%
tall
63%
there
62.5%
passed
62.2%
right
61.6%
through
61.6%
say
61.3%
words
60.7%
land
60.7%
hear
60.5%
last
60.5%
it's
59.6%
lead
59%
down
59%
call
58.7%
lie
58.7%
keep
58.5%
lay
58.2%
understand
57.3%
'cause
57.3%
around
57%
pretending
56.7%
arms
55.3%
cries
54.4%
path's
53.6%
fast
53%
uphill
52.7%
unbeaten
49.9%
stalwart
49.6%
meet
45.3%
their
30.7%

You're not logged in!

Compare scores with friends on all Sporcle quizzes.
Join for Free
OR
Log In

You Might Also Like...

Show Comments

Extras

Top Quizzes Today


Score Distribution

Your Account Isn't Verified!

In order to create a playlist on Sporcle, you need to verify the email address you used during registration. Go to your Sporcle Settings to finish the process.

Report this User

Report this user for behavior that violates our Community Guidelines.

Details: